|
|
|
|
| LEADER |
00733nab a2200205 i 4500 |
| 001 |
misc73622 |
| 005 |
20250207130955.0 |
| 008 |
250207s1976 hu o 000 eng d |
| 022 |
|
|
|a 0302-2781
|
| 040 |
|
|
|a SZTE Miscellanea Repozitórium
|b hun
|
| 041 |
|
|
|a eng
|
| 100 |
2 |
|
|a Szent-Györgyi Albert
|
| 245 |
1 |
0 |
|a Chemical evolution, the living state, and cancer
|h [elektronikus dokumentum] /
|c Szent-Györgyi Albert
|
| 260 |
|
|
|a Karger
|b Basel
|c 1976
|
| 300 |
|
|
|a 371-379
|
| 490 |
0 |
|
|a Biosciences Communications
|v 2 No. 6
|
| 561 |
|
|
|a Szent-Györgyi Albert tudományos és egyéb írásai
|
| 695 |
|
|
|a Rákkutatás
|
| 700 |
0 |
1 |
|a McLaughlin Jane A.
|e aut
|
| 856 |
4 |
0 |
|u http://misc.bibl.u-szeged.hu/73622/1/szgya_amerikai_268.pdf
|z Dokumentum-elérés
|